Alive EWOWers - 16B - Statistics

General Stats
  • This quiz has been taken 62 times
    54 since last reset
  • The average score is 64 of 124
Answer Stats
Hint Answer % Correct
4 #1 sigma Rizz lord
95%
3 losered
95%
2 scorb
95%
1 TieTiePerson
93%
10 iRDM
90%
8 Dark
88%
17 J_duude
88%
28 Midnight Light
85%
40 opdi
83%
58 Orange Cary Superfan
83%
14 xXBombs_AwayXx
83%
6 Purplegaze
80%
125 s1nblitz
80%
95 tr_
80%
5 Snoozingnewt
78%
38 Gizmote
75%
9 GreenieGuest
75%
45 iTeoti
75%
27 Koopa472
75%
23 reremiau
75%
13 4DJumpman256
73%
21 Catworld
73%
37 mazuat
73%
53 Meowicat
73%
15 X_Ry
73%
36 Brandy?
70%
30 recc
70%
7 ThePinkBunnyEmpire
70%
57 Zettex
70%
12 CloudySkyes
68%
43 PaniniPancake
68%
29 PlasmicTrojan
68%
113 Chad
65%
52 MarioFan
65%
118 Nindragon471
65%
32 Xyloba
65%
108 Cocoa
63%
116 Moralitea
63%
44 Cohaki
60%
26 MayUnderFlowers
60%
111 One Night
60%
59 Pancake
60%
63 Real presidnet of usa!
58%
86 stephan12387
58%
19 terminatedslime
58%
121 Yuakim
58%
76 cloverpepsi
55%
22 DogeBone3
55%
18 JujuMas
55%
31 RainbowKnight
55%
11 SinisterShovel
55%
47 Swift Smartypants
55%
77 YellowElectric
55%
69 Funo'
53%
25 Juhmatok
53%
124 +QuinDex+
53%
20 Sparrowcat
53%
16 whitecyclosa
53%
41 aaronvx
50%
81 avocadoexists
50%
60 Himo
50%
85 lipu Kijoke
50%
72 Pink man
50%
83 ToffeeLime
50%
101 Zaffricious
50%
50 Deckardv
48%
120 girlbossed.
48%
97 Gman
48%
33 ArnoobExtra
45%
68 Creative Casey
45%
82 Exhalexa
45%
24 Grammar Lee
45%
98 Heronix
45%
49 LemonVenom
45%
88 ShadowFlames
45%
64 The Ilucuthen Empire
45%
117 Flambeetle
43%
89 Ixcors
43%
122 jaydene19248
43%
66 twpaz.
43%
102 AnEpik
40%
67 Charito
40%
78 kuminda.water.supply
40%
73 sictoabu
40%
114 - Celestial19 -
38%
107 EeveeLuv
38%
51 goobrey
38%
39 IntersectingPlanes
38%
34 Water Chestnut
38%
109 Amelia, Ameliorator of the Eighty-Three Skies
35%
79 Paintspot Infez
35%
93 PG2K
35%
71 PoliteCheese1414
35%
46 TaxEvader357
35%
110 WholeNote1
35%
74 Yume Flamigiri
35%
87 Azurite
33%
70 ConvexProjects
33%
96 italic177
33%
75 Mikl Pickle
33%
123 random.123
33%
106 ThePianoGuru
33%
65 TrainGoBoom
33%
48 ALITL
30%
61 FishOnTheInternet
30%
35 hydrogencitrus
30%
62 Juliansl
30%
56 Mitochondrial Bob
30%
105 pokeysoda
30%
92 SooperHighper
30%
112 St4rry_Ski3z
30%
103 BrokenSink
28%
80 cashedcredits
28%
119 Cube492
28%
91 Evolt
28%
42 IceKeyHammer
28%
94 MineFlex_B
28%
55 Onchú
28%
100 Blue Gelatin
25%
90 exxpired dye
25%
104 Lyrical TyrAnt
25%
115 Daquan Huang
23%
54 Graysandwich
23%
84 Algotistic
15%
No matching quizzes found
Score Distribution
Percent of People with Each Score
Percentile by Number Answered
Your Score History
You have not taken this quiz since the last reset